|
|
|
|
| LEADER |
02093nam a2200565 i 4500 |
| 001 |
nkc20172868080 |
| 003 |
CZ PrNK |
| 005 |
20200612082045.0 |
| 007 |
ta |
| 008 |
170113s2017 xr g 000 jacze |
| 015 |
|
|
|a cnb002868080
|
| 020 |
|
|
|a 978-80-906366-1-3
|q (Calamarus ;
|q brožováno) :
|c Kč 199,00
|
| 035 |
|
|
|a (OCoLC)975016690
|
| 040 |
|
|
|a BOA001
|b cze
|e rda
|
| 043 |
|
|
|a e-xr---
|
| 045 |
|
|
|a y1y1
|
| 072 |
|
7 |
|a 616.89
|x Psychiatrie
|2 Konspekt
|9 14
|
| 072 |
|
7 |
|a 929
|x Biografie
|2 Konspekt
|9 8
|
| 080 |
|
|
|a 616.895.8-052
|2 MRF
|
| 080 |
|
|
|a 929
|2 MRF
|
| 080 |
|
|
|a 616-053.2
|2 MRF
|
| 080 |
|
|
|a 316.362.1-055.52-055.62
|2 MRF
|
| 080 |
|
|
|a (437.3)
|2 MRF
|
| 080 |
|
|
|a (0:82-322.6)
|2 MRF
|
| 100 |
1 |
|
|a Beránková, Eva,
|d 1972-
|7 hka2017941920
|4 aut
|4 pbl
|
| 245 |
1 |
0 |
|a Ve stínu schizofrenie /
|c Eva Beránková
|
| 250 |
|
|
|a 1. vydání
|
| 264 |
|
1 |
|a Praha :
|b Calamarus,
|c 2017
|
| 300 |
|
|
|a 117 stran ;
|c 21 cm
|
| 336 |
|
|
|a text
|b txt
|2 rdacontent
|
| 337 |
|
|
|a bez média
|b n
|2 rdamedia
|
| 338 |
|
|
|a svazek
|b nc
|2 rdacarrier
|
| 500 |
|
|
|a "Pro Evu Beránkovou vydalo nakladatelství Calamarus"--Tiráž
|
| 648 |
|
7 |
|a 21. století
|7 ch460559
|2 czenas
|
| 648 |
|
4 |
|a 2015-2017
|
| 650 |
0 |
7 |
|a schizofreničtí pacienti
|7 ph125439
|z Česko
|y 21. století
|2 czenas
|
| 650 |
0 |
7 |
|a nemocné děti
|7 ph137524
|z Česko
|2 czenas
|
| 650 |
0 |
7 |
|a rodiče a děti
|7 ph116053
|z Česko
|2 czenas
|
| 650 |
0 |
9 |
|a schizophrenic patients
|z Czechia
|y 21st century
|2 eczenas
|
| 650 |
0 |
9 |
|a ill children
|z Czechia
|2 eczenas
|
| 650 |
0 |
9 |
|a parents and children
|z Czechia
|2 eczenas
|
| 655 |
|
7 |
|a biografické příběhy
|7 fd131953
|2 czenas
|
| 655 |
|
9 |
|a biographical stories
|2 eczenas
|
| 910 |
2 |
|
|a BOA001
|b 2-1378.851
|
| 990 |
|
|
|a BK
|
| 995 |
|
|
|a 01
|
| 991 |
|
|
|b 201702
|c NOV
|
| 996 |
6 |
|
|b 2610695618
|c 2-1378.851
|l MZK
|r Sklad / do 1 hodiny
|n 4
|p p.v.
|w 001597540
|u 000010
|a 1
|e BOA001
|j MZK50
|s P
|
| 996 |
7 |
|
|b 2610795017
|c 2-1378.851
|l MZK
|r Sklad / do 1 hodiny
|n 2
|p kup
|w 001597540
|u 000020
|a 1
|e BOA001
|j MZK50
|s A
|
| 996 |
7 |
|
|b 2610826982
|c 2-1378.851
|l MZK
|r Sklad / do 1 hodiny
|n 0
|p kup
|w 001597540
|u 000030
|a 1
|e BOA001
|j MZK50
|s A
|